| 000 | 04943nam a2200433 4500 | ||
|---|---|---|---|
| 003 | OSt | ||
| 005 | 20260513122501.0 | ||
| 008 | 260512b |||||||| |||| 00| 0 aze d | ||
| 040 |
_aAZ-XaKU _baze _cAZ-XaKU |
||
| 041 | 0 | _aaze | |
| 050 | 1 | 4 | _aK4670 .R1419 2023 |
| 100 | 1 |
_aRamazanov, Müşfiq Köçəri oğlu, _ciqtisad üzrə fəlsəfə doktoru, dosent, _d1973- _emüəllif. |
|
| 245 | 1 |
_aMaliyyə Hüququ _b : Dərslik _c/ Müşfiq Ramazanov ; elmi redakdor DTX-nin Heydər Əliyev adına Akademiyasının rəisi v.i., polkovnik Elşad Nəsirov ; rəyçilər DTX-nin Heydər Əliyev adına Akademiyasının rəisinin 1-ci müavini, hüquq elmləri namizədi, dosent, polkovnik Azər İsmayılov, Milli Aviasiya Akademiyasının "İqtisadiyyat və hüquq" fakültəsinin dekanı, hüquq elmləri doktoru, dosent Ayxan Rüstəmzadə, BDU-nun "Əmək və ekologiya hüququ" kafedrasının professoru, hüquq elmləri doktoru Əbülfəz Hüseynov, DİN-in Polis Akademiyasının "Mülki hüquq" kafedrasının dosenti, hüquq üzrə fəlsəfə doktoru, dosent, polis polkovniki Rəşad Məmmədov, BDU-nun " Mülki proses və kommersiya hüququ" kafedrasının dosenti, hüquq üzrə fəlsəfə doktoru, dosent Afət Mirzəyeva ; baş redaktor Vəfa Camalova ; məsul redaktor Aruz Məmmədli ; baş texniklər Elza Şamıyeva, Sevinc Məcidova, Vüqar İsmayılov ; Azərbaycan Respublikası Dövlət Təhlükəsizliyi Xidmətinin Heydər Əliyev adına Akademiyası |
|
| 264 |
_aBakı : _bAR DTX-nin Heydər Əliyev adına Akademiyası, _c2023. |
||
| 300 |
_a531, [1] səhifə ; _bportr., cədvəl ; _c21 sm. |
||
| 336 |
_atext _btxt _2rdacontent |
||
| 337 |
_aunmediated _bn _2rdamedia |
||
| 338 |
_avolume _bnc _2rdacarrier |
||
| 500 | _aAR DTX-nin Heydər Əliyev adına Akademiyasının Elmi Şurasının 20 iyul 2022-ci il tarixli iclasının (protokol № 2) qərarı ilə dərslik kimi nəşrə tövsiyə olunmuşdur. | ||
| 504 | _aBiblioqrafiya : s. 526-531. | ||
| 505 | 0 | _aI Fəsil. Azərbaycan Respublikasının maliyyə sistemi -- II Fəsil. Maliyyə hüququ müstəqil hüquq sahəsi kimi -- III Fəsil. Maliyyə hüquq normaları və maliyyə hüquq münasibətləri -- IV Fəsil. Dövlətin maliyyə fəaliyyətinin hüquqi əsasları -- V Fəsil. Azərbaycan Respublikasında maliyyə nəzarəti -- VI Fəsil. Azərbaycan Respublikasının büdcə sistemi -- VII Fəsil. Büdcə hüquq münasibətləri -- VIII Fəsil. Büdcə prosesi -- IX Fəsil. Azərbaycan Respublikasının vergi sistemi -- X Fəsil. Vergi hüquq münasibətləri -- XI Fəsil. Müəssisənin maliyyə münasibətlərinin hüquqi əsasları -- XII Fəsil. Sığorta münasibətlərinin hüquqi tənzimlənməsi -- XIII Fəsil. Azərbaycan Respublikasının bank sistemi -- XIV Fəsil. Azərbaycan Respublikasında bank fəaliyyətinin hüquqi tənzimlənməsi -- XV Fəsil. Büdcədənkənar dövlət fondlarının fəaliyyətinin hüquqi tənzimlənməsi -- XVI Fəsil. Valyuta münasibətlərinin hüquqi tənzimlənməsi | |
| 520 | 0 | _aİqtisad üzrə fəlsəfə doktoru, dosent Müşfiq Köçəri oğlu Ramazanov tərəfindən yazılan dərslikdə maliyyə hüququnun müstəqil elm kimi inki-şafı, onun predmeti, aktuallığı, məqsədi, maliyyə hüququ sistemi, ma-liyyə hüququnun prinsipləri ilə yanaşı, maliyyə hüquq münasibətlərinə aid digər mövzuların da hər birinin müfəssəl şərhi verilmişdir. Eyni zamanda dərslikdə maliyyə hüququnun digər hüquq sahələri ilə əlaqəsi, Azərbaycan Respublikasının maliyyə, büdcə, bank sistemi, maliyyə, valyuta nəzarəti, vergi və sığorta münasibətlərinin hüquqi tənzimlənməsi, büdcədənkənar dövlət fondlarının fəaliyyətinin hüquqi tənzimlənməsi və s. kimi aktual məsələlərə də geniş yer verilmişdir. Dərslik DTX-nin Heydər Əliyev adına Akademiyasının kursant və dinləyiciləri, həmçinin digər universitetlərin hüquqşünaslıq ixtisası üzrə bakalavriat və magistratura pillələrində təhsil alan tələbələr, doktorantlar, mütəxəssis və müəllimləri üçün nəzərdə tutulmuşdur. | |
| 650 | 7 |
_2AZ-XaKU _aHüquq _xMülki hüquq _xMaliyyə hüququ _zAzərbaycan. |
|
| 655 |
_2AZ-XaKU _aDərslik. |
||
| 700 | 1 |
_aNəsirov, Elşad, _eelmi redaktor. |
|
| 700 | 1 |
_aİsmayılov, Azər, _erəyçi. |
|
| 700 | 1 |
_aRüstəmzadə, Ayxan, _erəyçi. |
|
| 700 | 1 |
_aHüseynov, Əbülfəz, _erəyçi. |
|
| 700 | 1 |
_aMəmmədov, Rəşad, _erəyçi. |
|
| 700 | 1 |
_aMirzəyeva, Afət _erəyçi. |
|
| 700 | 1 |
_aCamalova, Vəfa, _ebaş redaktor. |
|
| 700 | 1 |
_aMəmmədli, Arzu, _eməsul redaktor. |
|
| 700 | 1 |
_aŞamıyeva, Elza, _ebaş texnik. |
|
| 700 | 1 |
_aMəcidova, Sevinc, _ebaş texnik. |
|
| 700 | 1 |
_aİsmayılov, Vüqar, _ebaş texnik. |
|
| 710 | 1 |
_aAzərbaycan Respublikası. _bDövlət Təhlükəsizliyi Xidmətinin Heydər Əliyev adına Akademiyası. |
|
| 942 | _cBOOK | ||
| 999 |
_c431 _d431 |
||